Wifredo García : (Record no. 1233)

MARC details
000 -LEADER
campo de control de longitud fija 01066nam a22002417a 4500
008 - DATOS DE LONGITUD FIJA--INFORMACIÓN GENERAL
campo de control de longitud fija 170729s2009 sp||||| |||| 00| 0 spa d
020 ## - NÚMERO INTERNACIONAL ESTÁNDAR DEL LIBRO
Número Internacional Estándar del Libro 9789945866612
082 04 - NÚMERO DE LA CLASIFICACIÓN DECIMAL DEWEY
Número de clasificación 708
Número de ítem G216w
110 1# - ENTRADA PRINCIPAL--NOMBRE DE ENTIDAD CORPORATIVA
Nombre de entidad corporativa o nombre de jurisdicción como elemento de entrada Centro León.
9 (RLIN) 5872
245 10 - MENCIÓN DEL TÍTULO
Título Wifredo García :
Resto del título peculiares obsesiones /
Mención de responsabilidad, etc. Centro León ; traducción al catalán por Ainara Munt Ojanguren y traducción al inglés por Dolores Vicioso.
250 ## - MENCION DE EDICION
Mención de edición 1a edición.
260 ## - PUBLICACIÓN, DISTRIBUCIÓN, ETC.
Lugar de publicación, distribución, etc. España :
Nombre del editor, distribuidor, etc. Centro León ; Casa Amèrica Catalunya ; Innstitut ramon llull,
Fecha de publicación, distribución, etc. 2009.
300 ## - DESCRIPCIÓN FÍSICA
Extensión 219 páginas :
Otras características físicas ilustraciones en color.
500 ## - NOTA GENERAL
Nota general Catálogo publicado con motivo a la exposición "Wifredo García: peculiares obsesiones", presentada en Febrero 2009 en Santiago de Caballeros, y en enero 2010 en Barcelona.
653 10 - TÉRMINO DE INDIZACIÓN--NO CONTROLADO
Término no controlado Arte contemporáneo
653 10 - TÉRMINO DE INDIZACIÓN--NO CONTROLADO
Término no controlado Fotografía
653 10 - TÉRMINO DE INDIZACIÓN--NO CONTROLADO
Término no controlado Catálogo de exhibición
653 10 - TÉRMINO DE INDIZACIÓN--NO CONTROLADO
Término no controlado Exhibiciones
653 10 - TÉRMINO DE INDIZACIÓN--NO CONTROLADO
Término no controlado Arte - República Dominicana
653 10 - TÉRMINO DE INDIZACIÓN--NO CONTROLADO
Término no controlado Fotógrafos
700 1# - ENTRADA AGREGADA--NOMBRE PERSONAL
Nombre de persona Munt Ojanguren, Ainara.
Término indicativo de función/relación traductora.
9 (RLIN) 5873
700 1# - ENTRADA AGREGADA--NOMBRE PERSONAL
Nombre de persona VIcioso, Dolores.
Término indicativo de función/relación traductora.
9 (RLIN) 5874
Holdings
Estatus retirado Estado de pérdida Fuente del sistema de clasificación o colocación Estado de daño No para préstamo Biblioteca de origen Biblioteca actual Ubicación en estantería Fecha de adquisición Total de préstamos Signatura topográfica completa Código de barras Visto por última vez Precio de reemplazo Tipo de ítem Koha
    Clasificación Decimal Dewey     Biblioteca LadoV Biblioteca LadoV   29/07/2017   708 G216w 004415 29/07/2017 29/07/2017 Material 01